Quizzes
Events
Quiz Creation
Community
Videos
Private Events
Remove Ads
Sign In
Join for FREE
Feedback
Dark Mode
Quiz Categories
Sports
Geography
Music
Movies
Television
Just For Fun
Miscellaneous
History
Literature
Language
Science
Gaming
Entertainment
Religion
Holiday
For Kids
Quiz Lab
Recent
Popular Today
Quiz Kudos Today
Editor Picks
Curator Picks
Quizzes by...
Day
Popularity
Type
Ratings
Length
Year
Community
Subscriptions
Recent Discussions
Orange Saloon
Badges
Playlists
Quests
Create
Leaderboards
Showdown
Live 5
Trivia Bingo
Activity
Puzzle Library
Sporcle Events
Private Events
Virtual Trivia
Globe League
Become a Host
Pub Owners
SporcleCon
Opinionation
Our Games
Videos
Blog
Mobile Apps
Partnerships
Remove Ads and Go Orange
Feedback
Music
Pop Music
The Beatles
Song
Album
Lyrics
Bands
Singers
Artist
Clip
Rock
Rap
Classical
Billboard
Country Music
Kpop
Taylor Swift
Music
Pop Music
The Beatles
Song
Album
Lyrics
Bands
Singers
Artist
Clip
Rock
Rap
Classical
Billboard
Country Music
Kpop
Taylor Swift
Random Quiz
Search Sporcle
×
Quiz Lab
Quiz Lab
Music
Disney
Type in answers that appear in a list
Type in answers that appear in a list
Classic
Best Score? Go Orange.
Swedish disney lyrics? Stats
Can you name the swedish disney lyrics??
By
sumpsvamp
15m
35 Questions
21 Plays
21 Plays
21 Plays
Comments
Comments
Give Quiz Kudos
Give Quiz Kudos
-
- Ratings
hide this ad
Replay
Link that replays current quiz
Next Quiz
Link to next quiz in quiz playlist
You Got
0%
They Got
Avg Score
79%
Avg Friend Score
Upgrade to see
Score Distribution
Jump to the score distribution portion of the page
Score
0/35
Timer
15:00
0
Plays Today
begining
lyrics
% Correct
jag har sett...
världen från mitt fönster
95.2%
lång, lång tid...
utan att jag visste
90.5%
himlen öppnar....
sig för mig
90.5%
lång, lång tid...
utan att jag visste
90.5%
himlen öppnar...
sig för mig
90.5%
många år...
sökte jag ett svar
85.7%
min plats är...
att vara här
85.7%
det måste...
vara så
85.7%
jag ser...
allt så ljust och klart
85.7%
jag ser...
allt så ljust och klart
85.7%
det var hit...
jag skulle gå
85.7%
tänk...
så blind jag var
81%
här och nu...
bländad av ett stjärnljus
81%
känner världen...
bli en annan
81%
det känns...
varmt och underbart
81%
nu när...
jag ser dig
81%
var min...
lycka fanns
81%
känner världen...
bli en annan
81%
begining
lyrics
% Correct
det känns...
varmt och underbart
81%
nu när...
jag ser dig
81%
nu när...
jag ser dig
81%
här och nu...
börjar jag förstå
76.2%
allt är...
nytt
76.2%
många år...
gick jag som i trans
76.2%
min plats är...
precis just här
76.2%
allt är...
nytt
76.2%
jag har sett...
guld och gröna skogar
71.4%
här är hon...
vacker i ett stjärnljus
71.4%
jag ser allt...
så ljust och klart
71.4%
jag ser allt...
så ljust och klart
71.4%
som om...
tid och rum vill stanna
66.7%
allt är...
helt förändrat
66.7%
som om...
tid och rum vill stanna
66.7%
allt är...
helt förändrat
66.7%
här är hon...
allt som jag vill få
61.9%
Quiz Playlist
Details
Report
Send in Message
Add To Playlist
Classic:
Type in answers that appear in a list
Last Updated: Feb 16, 2017
Quiz Scoreboard
CHALLENGE
Sign Up to Join the Scoreboard
Show All
Scores
Hide
Comments
May contain spoilers
Recently Published
Billboard Blitz: Fleetwood Mac
by CooCooCachoo
Music
15s
Presidents Visiting Landmarks
by Hejman
History
7m
An Introduction to Baseball
by treessimontrees
Sports
5m
More to Explore
Quiz From the Vault
Featured Blog Post
Where Did the Easter Bunny Come From?
hide this ad
You Might Also Like...
Tags
Disney Quiz
Swedish
Today's Top Quizzes in Music
Browse Music
hide this ad
Today's Top Quizzes in Disney
Browse Disney
Top Contributed Quizzes in Music
1
Taylor Swift All Songs (2024)
2
Guess the Artist- 70s Songs
3
7-to-1: Billboard Hot 100 #1 Hits of 2010s
4
Sorting Albums and Songs
5
Taylor Swift Logic Puzzle
6
KPOP LOGIC QUIZ
7
2010s Album by Cover III
8
One Thing in Common: Music
9
Guess the Taylor Swift song (Mystery Song)
10
Guess The Taylor Swift Lyrics Song #1
Explore More
Trending Topics
Anime
Crossword
Marvel
Harry Potter
Disney
Kpop
NBA
Puzzle
WWE
Song
Pokémon
NFL
Country
Soccer
The Office
hide this ad
More By:
sumpsvamp
Quiz
Plays
Rating
Category
Featured
Created
anime by japanese name (kanji)
2,989
3.69
Just For Fun
May 24, 2013
rascal flatts lyrics with no hint
375
Music
Jan 14, 2012
anime by opening theme
373
3.00
Music
Sep 19, 2011
Ten things I hate about you poem
330
5.00
Just For Fun
Sep 20, 2013
disney song with no hints at all 1
261
4.00
Just For Fun
May 16, 2012
Go to Creator's Profile
Score Distribution
Quiz Creator Spotlight
sumpsvamp
Follow
Send a Message
Quizzes Created
-
Created Quiz Play Count
-
More By This Creator
Popular Quizzes Today
1
Find the US States - No Outlines Minefield
2
Find the Countries of Europe - No Outlines Minefield
3
The Countries of the World
4
Find the US States
5
US States
6
Popular People in 1961
7
Risky Map Clicking: Biggest States A-Z
8
Movies - When Are They Set?
More Music Quizzes
One Word 2010s Songs
Published
Trending Quizzes
Risky Map Clicking: Least Populous States A-Z
1-10 Letter G Words
1-10 Letter F Words
Risky Map Clicking: Next State Alphabetically
Risky Map Clicking: Biggest States A-Z
Recently Updated
Leaping Animals
pecheneg
Reality TV Shows (A-Z)
bhenderson79
Rickey Henderson's Hall of Fame Teammates
pecheneg
Champions League XIs: Arsenal
pecheneg
Quick Pick: Celebrities in WWE's Hall of Fame
aduchscher
A-Z Keypad Blitz II
pecheneg
Multiple Oscar Actors
pecheneg
Mystery Phrase Blitz: Oscar 'Best Actors'
pecheneg
F. Scott Fitzgerald Novels
LTH
Pick 3 Villains
ddd62291
Trending Topics
Harry Potter
Kpop
Crossword
Disney
NBA
Anime
Marvel
Puzzle
WWE
NFL
Country
The Office
Song
Pokémon
Soccer
Your Account Isn't Verified!
In order to create a playlist on Sporcle, you need to verify the email address you used during registration. Go to your
Sporcle Settings
to finish the process.
Report this User
Report this user for behavior that violates our
Community Guidelines
.
Details:
Send Report
Go to the Sporcle.com Mobile Site →
Comments